| 000 -ლიდერი |
| ფიქსირებული სიგრძის საკონტროლო ველი |
01804nam a2200277Ia 4500 |
| 001 - საკონტროლო ნომერი |
| საკონტროლო ველი |
18102 |
| 003 - საკონტროლო ნომრის იდენტიფიკატორი |
| საკონტროლო ველი |
GE_BSU |
| 005 - ბოლო ოპერაციის თარიღი და დრო |
| საკონტროლო ველი |
20230501154905.0 |
| 008 - ფიქსირებული სიგრძის მონაცემთა ელემენტები - ზოგადი ინფორმაცია |
| ფიქსირებული სიგრძის საკონტროლო ველი |
181216s||||||||xx |||||||||||||| ||und|| |
| 020 ## - წიგნის საერთაშორისო სტანდარტული ნომერი |
| International Standard Book Number |
99940-31-12-0 |
| 040 ## - კატალოგიზაციის წყარო |
| Transcribing agency |
GE_BSU |
| 041 ## - ენის კოდი |
| Language code of text/sound track or separate title |
geo |
| 080 ## - უნივერსალური ათობითი კლასიფიკაციის ინდექსი |
| Universal Decimal Classification number |
930.2:003.071(=14'01) ყ-36 |
| 100 ## - მთავარი ჩანაწერი - პიროვნების სახელი |
| Personal name |
ყაუხჩიშვილი, თინათინ |
| 9 (RLIN) |
17888 |
| 245 ## - ცნობა სათაურის შესახებ |
| Title |
საქართველოს ბერძნული წარწერების კორპუსი = Korpus der griechischen Inschriften in Georgien / |
| Statement of responsibility, etc |
თინათინ ყაუხჩიშვილი რედ. ლ. გორდეზიანი |
| 250 ## - გამოცემის ცნობა |
| Edition statement |
მე-2 შესწ. და შევს. გამოც. პროგრამა "ლოგოსი". პუბლ. და ღონისძ. კლასიკ. ფილოლ., ბიზანტ. და ნეოგრეც. სფეროში |
| 264 ## - წარმოების, გამოცემის, დისტრიბუციის და სხვა ცნობები |
| გამოცემის, წარმოების, დისტრიბუციის... ადგილი |
თბილისი : |
| გამოცემის, წარმოების, დისტრიბუციის... სახელწოდება |
ლოგოსი, |
| გამოცემის, წარმოების, დისტრიბუციის... თარიღი |
2004. |
| 300 ## - ფიზიკური აღწერა |
| Extent |
419 გვ :. |
| Other physical details |
26 სმ.. |
| 501 ## - შენიშვნა თანმხლებ მასალაზე |
| With note |
ბერძნ. სიტყვათა საძიებელი: გვ. 380-416 |
| 520 ## - SUMMARY, ETC. |
| Summary, etc |
რეზ. გერმ. ენ.. |
| 653 ## - INDEX TERM--UNCONTROLLED |
| Uncontrolled term |
ბერძნული წარწერები საქართველოში; ბერძნული ეპიგრაფიკული ძეგლები საქართველოში |
| 653 ## - INDEX TERM--UNCONTROLLED |
| Uncontrolled term |
საქართველოს ბერძნული წარწერების კორპუსი |
| 700 ## - ADDED ENTRY--PERSONAL NAME |
| Personal name |
გორდეზიანი, ლ |
| Relator term |
რედაქტორი |
| 9 (RLIN) |
17889 |
| 710 ## - ADDED ENTRY--CORPORATE NAME |
| Corporate name or jurisdiction name as entry element |
თსუ, კლასიკ. ფილოლ., ბიზანტ. და ნეოგრეც. ინ-ტი |
| 9 (RLIN) |
17890 |
| 942 ## - ADDED ENTRY ELEMENTS (KOHA) |
| Koha item type |
წიგნი |
| Source of classification or shelving scheme |
|